00000000nam##2200000za#4500
0019.620815
003CaOODSP
00520200327164858
007ta
008150406|1992||||xxc|||||     f|0| 0 fre|d
020 |a0-662-98165-0
040 |aCaOODSP|bfre
043 |an-cn---
0861 |aEn49-24/1-26F
1101 |aCanada.|bEnvironnement Canada. |bProtection de l'environnement.
24510|aMéthode d'essai biologique: essai de toxicité aiguë de sédiments chez des amphipodes marins ou estuariens
260 |aOttawa - Ontario : |bEnvironnement Canada. |c1992, ©1993.
300 |a99p. : |bfigures, références ; |c28 cm.
4901 |aSérie de la Protection de l'environnement |vSPE 1/RM/26
563 |aCouverture souple
69107|aBiologie marine|2gcpds
7760#|tMéthode d'essai biologique - essai de toxicité aiguë de sédiments chez des amphipodes marins ou estuariens |w(CaOODSP)9.606938
830#0|aSérie de la protection de l'environnement ;|vSPE 1/RM/26|w(CaOODSP)9.512984